Lịch sử triết học Ấn Độ cổ đại
Wedi'i Gadw mewn:
| Prif Awdur: | |
|---|---|
| Fformat: | Llyfr |
| Cyhoeddwyd: |
Hà Nội
Thanh niên
1999
|
| Pynciau: | |
| Tagiau: |
Ychwanegu Tag
Dim Tagiau, Byddwch y cyntaf i dagio'r cofnod hwn!
|
| Thư viện lưu trữ: | Trung tâm Học liệu Lê Vũ Hùng, Trường Đại học Đồng Tháp |
|---|
| LEADER | 00655aam a22002178a 4500 | ||
|---|---|---|---|
| 001 | 00040836 | ||
| 005 | 20191010141003.0 | ||
| 008 | 120502s2002 ||||||Viesd | ||
| 020 | # | # | |c 34000 |
| 041 | 0 | # | |a Vie |
| 082 | 1 | 4 | |a 181 |b L302S |
| 100 | 1 | # | |a Doãn, Chính |
| 245 | 1 | 0 | |a Lịch sử triết học Ấn Độ cổ đại |c Doãn Chính |
| 260 | # | # | |a Hà Nội |b Thanh niên |c 1999 |
| 300 | # | # | |a 328 tr. |c 21 cm. |
| 653 | # | # | |a Lịch sử |
| 653 | # | # | |a Nghiên cứu |
| 653 | # | # | |a triết học |
| 852 | # | # | |j KD.0023058 |
| 910 | # | # | |d 24/01/2018 |
| 980 | # | # | |a Trung tâm Học liệu Lê Vũ Hùng, Trường Đại học Đồng Tháp |